[Event "Guimaraes op"]
[Site "Guimaraes"]
[Date "2007.09.08"]
[Round "6"]
[White "Pena Torres, Jose Carlos"]
[Black "Castro, Henrique Manuel Fer"]
[Result "1/2-1/2"]
[WhiteElo "2131"]
[BlackElo "2186"]
[PlyCount "84"]
[EventDate "2007.09.04"]
[EventType "swiss"]
[EventRounds "7"]
[EventCountry "POR"]
[SourceTitle "EXT 2009"]
[Source "ChessBase"]
[SourceDate "2008.11.26"]
[SourceVersion "1"]
[SourceVersionDate "2008.11.26"]
[SourceQuality "1"]

1. e4 c5 2. Nf3 Nc6 3. d4 cxd4 4. Nxd4 Nf6 5. Nc3 e5 6. Ndb5 d6 7. a4 a6 8. Na3 Be6 9. Be2 Nd4 10. 0-0 Nxe2+ 11. Qxe2 Qc7 12. Bg5 Be7 13. Bxf6 Bxf6 14. Nd5 Bxd5 15. exd5 Rc8 16. c4 0-0 17. Rac1 Qa5 18. b3 Bg5 19. Rcd1 f5 20. Kh1 Bf6 21. Nc2 b5 22. axb5 axb5 23. Ne3 Bg5 24. cxb5 Rc5 25. b4 Qxb4 26. Rb1 Qc3 27. Rfd1 g6 28. b6 Bxe3 29. fxe3 Qa5 30. Qd3 Rb8 31. Qb3 Rc3 32. Qb2 Rxe3 33. Rdc1 Qxd5 34. b7 Rd3 35. Rc8+ Kg7 36. h3 Kh6 37. Rxb8 Rxh3+ 38. Kg1 Qc5+ 39. Qf2 Rh1+ 40. Kxh1 Qxf2 41. Rc8 Qh4+ 42. Kg1 Qd4+ 1/2-1/2

[Event "Guimaraes op"]
[Site "Guimaraes"]
[Date "2007.09.05"]
[Round "2"]
[White "Botelho, Adelino dos Santos"]
[Black "Castro, Henrique Manuel Fer"]
[Result "0-1"]
[WhiteElo "1726"]
[BlackElo "2186"]
[PlyCount "68"]
[EventDate "2007.09.04"]
[EventType "swiss"]
[EventRounds "7"]
[EventCountry "POR"]
[SourceTitle "EXT 2009"]
[Source "ChessBase"]
[SourceDate "2008.11.26"]
[SourceVersion "1"]
[SourceVersionDate "2008.11.26"]
[SourceQuality "1"]

1. d4 Nf6 2. Nf3 e6 3. Bg5 Be7 4. Nbd2 d5 5. e3 h6 6. Bf4 c5 7. c3 Nc6 8. Bd3 Bd7 9. Ne5 Rc8 10. h4 a6 11. Qf3 cxd4 12. exd4 b5 13. g4 Nxe5 14. Bxe5 g6 15. g5 hxg5 16. hxg5 Rxh1+ 17. Qxh1 Nh5 18. f4 b4 19. c4 dxc4 20. Nxc4 Bc6 21. Qh3 Bd5 22. Ne3 Bd6 23. Bxa6 Bxe5 24. dxe5 Rc5 25. Qg4 Qa5 26. Be2 b3+ 27. Kf2 bxa2 28. Nxd5 Rxd5 29. Qf3 Qb6+ 30. Qe3 Qxb2 31. Qc1 Qxc1 32. Rxc1 Ra5 33. Ra1 Nxf4 34. Bc4 Rxe5 0-1

[Event "Braga District-ch final"]
[Site "Guimaraes"]
[Date "2007.06.15"]
[Round "5"]
[White "Barbosa, Paulo Jorge Pereira"]
[Black "Castro, Henrique Manuel Fer"]
[Result "0-1"]
[WhiteElo "1888"]
[BlackElo "2206"]
[PlyCount "110"]
[EventDate "2007.05.18"]
[EventType "swiss"]
[EventRounds "8"]
[EventCountry "POR"]
[SourceTitle "EXT 2018"]
[Source "ChessBase"]
[SourceDate "2017.10.13"]
[SourceVersion "1"]
[SourceVersionDate "2017.10.13"]
[SourceQuality "1"]

1. e4 c5 2. Nf3 e6 3. Bd3 Nc6 4. 0-0 d6 5. c3 e5 6. h3 g6 7. Bc2 Bg7 8. d3 Nf6 9. Be3 0-0 10. Bb3 Kh8 11. Ng5 Qe7 12. f4 h6 13. f5 gxf5 14. Nxf7+ Rxf7 15. Bxf7 Qxf7 16. exf5 Nd5 17. Qf3 Nxe3 18. Qxe3 Kh7 19. Nd2 Bf6 20. Ne4 Qe7 21. Qe2 Bd7 22. g4 d5 23. Ng3 Rg8 24. Rae1 Nd8 25. c4 Bc6 26. cxd5 Bxd5 27. Ne4 Nf7 28. Qg2 Bc6 29. Qc2 Ng5 30. Kh2 Nxe4 31. dxe4 Rd8 32. Rd1 Rd4 33. Rfe1 Bg5 34. Rxd4 Bf4+ 35. Kg2 exd4 36. Kf3 Be3 37. Rxe3 dxe3 38. Kxe3 Qe5 39. Kf3 Kg7 40. h4 b5 41. g5 hxg5 42. hxg5 Qxf5+ 43. Ke2 Qxe4+ 44. Qxe4 Bxe4 45. Ke3 Bd5 46. a3 a5 47. Kf4 b4 48. axb4 axb4 49. Ke5 Bb3 50. Kf5 Kf7 51. g6+ Kg7 52. Kg5 c4 53. Kf4 c3 54. bxc3 bxc3 55. Ke3 Bc4 0-1

[Event "Braga District-ch final"]
[Site "Guimaraes"]
[Date "2007.05.25"]
[Round "2"]
[White "Castro, Henrique Manuel Fer"]
[Black "Fernandes, Emanuel Jose Antune"]
[Result "0-1"]
[WhiteElo "2206"]
[BlackElo "1928"]
[PlyCount "78"]
[EventDate "2007.05.18"]
[EventType "swiss"]
[EventRounds "8"]
[EventCountry "POR"]
[SourceTitle "EXT 2018"]
[Source "ChessBase"]
[SourceDate "2017.10.13"]
[SourceVersion "1"]
[SourceVersionDate "2017.10.13"]
[SourceQuality "1"]

1. d4 d5 2. Nf3 Nf6 3. c4 dxc4 4. Nc3 c6 5. a4 Bf5 6. Nh4 Bg4 7. h3 Bh5 8. g4 Bg6 9. Nxg6 hxg6 10. e3 e6 11. Bxc4 Nbd7 12. a5 a6 13. e4 Bb4 14. Qf3 c5 15. Be3 cxd4 16. Bxd4 e5 17. Bb6 Nxb6 18. axb6 Qd4 19. Bd5 Nxd5 20. exd5 Qxb6 21. 0-0 0-0 22. Ne4 Rfd8 23. Rfd1 Rd7 24. Rd3 Rad8 25. Rad1 Qb5 26. h4 Kf8 27. h5 gxh5 28. Ng5 Kg8 29. Qe4 g6 30. gxh5 Qb6 31. Rg3 Rd6 32. Ne6 Rxe6 33. Rdd3 Rf6 34. Rg2 Rf4 35. Qxe5 Qf6 36. Qe2 Bc5 37. hxg6 fxg6 38. Rdg3 Kf7 39. b4 Bxf2+ 0-1

[Event "Braga District-ch final"]
[Site "Guimaraes"]
[Date "2007.05.18"]
[Round "1"]
[White "Martinho, Nuno Miguel de Albu"]
[Black "Castro, Henrique Manuel Fer"]
[Result "0-1"]
[WhiteElo "1763"]
[BlackElo "2206"]
[PlyCount "72"]
[EventDate "2007.05.18"]
[EventType "swiss"]
[EventRounds "8"]
[EventCountry "POR"]
[SourceTitle "EXT 2018"]
[Source "ChessBase"]
[SourceDate "2017.10.13"]
[SourceVersion "1"]
[SourceVersionDate "2017.10.13"]
[SourceQuality "1"]

1. e4 c5 2. Nc3 e6 3. g3 g6 4. Bg2 Bg7 5. f4 Ne7 6. Nf3 Nbc6 7. 0-0 d6 8. d3 Rb8 9. Be3 Nd4 10. Bf2 0-0 11. Qd2 Nec6 12. Nd1 b5 13. c3 Nxf3+ 14. Bxf3 Qb6 15. b4 Nxb4 16. d4 Na6 17. Nb2 Rd8 18. Rab1 Qa5 19. Nd1 cxd4 20. Bxd4 Bxd4+ 21. Qxd4 Qc7 22. Ne3 Nc5 23. Ng4 e5 24. fxe5 Bxg4 25. Bxg4 dxe5 26. Qe3 Rd3 27. Qe2 Qc6 28. Qf2 Rb7 29. c4 Nxe4 30. cxb5 Qb6 31. Qxb6 Rxb6 32. Be2 Re3 33. Bc4 Nd2 34. Bxf7+ Kg7 35. Kf2 Rf3+ 36. Ke2 Rxf1 0-1

[Event "POR-ch U20"]
[Site "Sao Pedro do Sul"]
[Date "2007.04.04"]
[Round "6"]
[White "Pereira, Fernando Emidio Amo"]
[Black "Castro, Henrique Manuel Fer"]
[Result "0-1"]
[WhiteElo "1865"]
[BlackElo "2204"]
[PlyCount "142"]
[EventDate "2007.03.31"]
[EventType "swiss"]
[EventRounds "7"]
[EventCountry "POR"]
[SourceTitle "EXT 2024"]
[Source "ChessBase"]
[SourceDate "2023.10.10"]
[SourceVersion "1"]
[SourceVersionDate "2023.10.10"]
[SourceQuality "1"]

1. c4 e5 2. Nc3 f5 3. d4 exd4 4. Qxd4 d6 5. Nf3 Nf6 6. Bg5 Be7 7. Bxf6 Bxf6 8. Qe3+ Kf7 9. Nd5 Re8 10. Qb3 Nd7 11. Nxf6 Nxf6 12. e3 c6 13. Bd3 f4 14. 0-0 fxe3 15. fxe3 Qe7 16. Rae1 Kg8 17. e4 Nd7 18. c5+ Kh8 19. cxd6 Qxd6 20. e5 Qe7 21. Qc2 Qc5+ 22. Kh1 Qxc2 23. Bxc2 h6 24. Nh4 g5 25. Ng6+ Kg7 26. e6 Nf6 27. e7 Bg4 28. Nf8 Nd5 29. Bb3 Rac8 30. h3 Bh5 31. Ne6+ Kh7 32. Bc2+ Kg8 33. Rf8+ Rxf8 34. exf8Q+ Rxf8 35. Nxf8 Kxf8 36. Bf5 Bf7 37. a3 Nf4 38. g3 Bd5+ 39. Kh2 Nh5 40. Be4 Bf7 41. Rf1 Ke7 42. b4 Nf6 43. Bg2 Bc4 44. Re1+ Kd6 45. Bf1 Bd5 46. Rd1 Nd7 47. Bg2 Ne5 48. Kg1 Ke6 49. Bxd5+ cxd5 50. Kf2 Nc4 51. Rd3 Ke5 52. Kf3 h5 53. g4 h4 54. Ke2 d4 55. Rf3 Ke4 56. Rf5 d3+ 57. Ke1 d2+ 58. Ke2 d1Q+ 59. Kxd1 Ne3+ 60. Ke2 Nxf5 61. gxf5 Kxf5 62. Kf3 b5 63. Ke3 g4 64. hxg4+ Kxg4 65. Kf2 h3 66. Kg1 Kg3 67. Kh1 h2 68. a4 bxa4 69. b5 a3 70. b6 a2 71. bxa7 a1Q# 0-1

[Event "POR-ch U20"]
[Site "Sao Pedro do Sul"]
[Date "2007.04.01"]
[Round "3"]
[White "Castro, Henrique Manuel Fer"]
[Black "Barbosa, Fabio Emanuel Olive"]
[Result "1-0"]
[WhiteElo "2204"]
[BlackElo "2059"]
[PlyCount "181"]
[EventDate "2007.03.31"]
[EventType "swiss"]
[EventRounds "7"]
[EventCountry "POR"]
[SourceTitle "EXT 2024"]
[Source "ChessBase"]
[SourceDate "2023.10.10"]
[SourceVersion "1"]
[SourceVersionDate "2023.10.10"]
[SourceQuality "1"]

1. d4 Nf6 2. Bg5 c5 3. Bxf6 gxf6 4. c3 Qb6 5. Qd2 d6 6. e3 Bf5 7. Na3 Nc6 8. Nc4 Qc7 9. d5 Ne5 10. Nxe5 fxe5 11. Bb5+ Bd7 12. Bxd7+ Qxd7 13. Ne2 Qg4 14. Ng3 h5 15. Qe2 0-0-0 16. h4 Qg6 17. Qf3 Kb8 18. 0-0-0 Bg7 19. Qf5 Rdf8 20. c4 Kc7 21. Rh3 Bf6 22. Qxg6 fxg6 23. Ne4 Kd7 24. Kd2 Rb8 25. a4 a5 26. Ke2 Rbf8 27. Rd3 Rb8 28. Rb3 b6 29. Rd3 Rhf8 30. Rd1 Rh8 31. Rdh1 Rbf8 32. f3 Rfg8 33. Rg3 Rh6 34. Kd3 Rf8 35. Ke2 Rg8 36. b3 Rd8 37. Rgh3 Rdh8 38. R1h2 R6h7 39. Rh1 Rh6 40. Re1 Rf8 41. Kd3 Rh7 42. Re2 Rh6 43. f4 Rh7 44. g3 Rhf7 45. Rh1 Ke8 46. Rf1 exf4 47. exf4 Kd7 48. Nd2 Rg8 49. Rfe1 Rh8 50. Re6 Rhf8 51. Nf3 Rh8 52. R1e3 Rhf8 53. R6e4 Rh8 54. Ne5+ Bxe5 55. fxe5 Rg7 56. exd6 exd6 57. Re6 Rf8 58. Ke2 Rff7 59. Re8 Re7 60. Ra8 Kc7 61. Ra7+ Kd8 62. Ra8+ Kc7 63. Rf8 Rxe3+ 64. Kxe3 g5 65. hxg5 Rxg5 66. Rf7+ Kc8 67. Kf3 Re5 68. Kf4 Re1 69. Kf5 Re3 70. Rg7 Kd8 71. Rb7 Rxg3 72. Rxb6 Kc7 73. Ra6 h4 74. Ra7+ Kc8 75. Rh7 h3 76. Ke6 Rg6+ 77. Ke7 Kc7 78. Rxh3 Rg1 79. Re3 Rb1 80. Ke8 Rb2 81. Re7+ Kc8 82. Re6 Kc7 83. Re7+ Kc8 84. Ra7 Rxb3 85. Ke7 Rb4 86. Kxd6 Rxc4 87. Rxa5 Kb7 88. Rb5+ Ka7 89. Ra5+ Kb7 90. Rxc5 Rxa4 91. Ke7 1-0

[Event "POR-ch U10"]
[Site "Portugal"]
[Date "2007.??.??"]
[Round "3"]
[White "Castro, Henrique Manuel Fer"]
[Black "Silva, Paulo Rui Lopes"]
[Result "1-0"]
[WhiteElo "2204"]
[BlackElo "1743"]
[PlyCount "69"]
[EventDate "2007.??.??"]
[EventType "swiss"]
[EventRounds "7"]
[EventCountry "POR"]
[SourceTitle "EXT 2010"]
[Source "ChessBase"]
[SourceDate "2010.11.25"]
[SourceVersion "1"]
[SourceVersionDate "2010.11.25"]
[SourceQuality "1"]

1. d4 d5 2. c4 e6 3. Nf3 Nf6 4. e3 c5 5. cxd5 Qxd5 6. Nc3 Qd8 7. Bd3 Nc6 8. 0-0 cxd4 9. exd4 Be7 10. Qe2 0-0 11. Rd1 Qc7 12. Bg5 h6 13. Bh4 Rd8 14. Rac1 a6 15. Bb1 Nd5 16. Qe4 f5 17. Nxd5 Rxd5 18. Qe3 g5 19. Nxg5 hxg5 20. Bxg5 Bxg5 21. Qxg5+ Qg7 22. Qe3 Rxd4 23. Rxd4 Qxd4 24. Qb3 Qg4 25. h3 Qg6 26. Rc3 Kh8 27. Rg3 Qf6 28. Qf3 Qh6 29. Qd1 e5 30. Qb3 Qe6 31. Qf3 Qh6 32. Qb3 Qh7 33. Qf3 Nd4 34. Qe3 Nc6 35. Qg5 1-0

[Event "POR-ch U10"]
[Site "Portugal"]
[Date "2007.??.??"]
[Round "6"]
[White "Santos, Luis Manuel Freire"]
[Black "Castro, Henrique Manuel Fer"]
[Result "0-1"]
[WhiteElo "2377"]
[BlackElo "2204"]
[PlyCount "24"]
[EventDate "2007.??.??"]
[EventType "swiss"]
[EventRounds "7"]
[EventCountry "POR"]
[SourceTitle "EXT 2010"]
[Source "ChessBase"]
[SourceDate "2010.11.25"]
[SourceVersion "1"]
[SourceVersionDate "2010.11.25"]
[SourceQuality "1"]

1. Nf3 c5 2. Nc3 Nc6 3. e4 e6 4. Bb5 Be7 5. Bxc6 bxc6 6. Qe2 d5 7. a4 Qd6 8. exd5 cxd5 9. 0-0 a6 10. b3 Nf6 11. Ba3 Qc7 12. Rfe1 0-0 0-1

[Event "POR-chB"]
[Site "Vila Real"]
[Date "2005.08.08"]
[Round "6"]
[White "Castro, Henrique Manuel Fer"]
[Black "Guerra, Vitor Manuel Vestia"]
[Result "1-0"]
[WhiteElo "2105"]
[BlackElo "2278"]
[PlyCount "127"]
[EventDate "2005.08.03"]
[EventType "swiss"]
[EventRounds "9"]
[EventCountry "POR"]
[SourceTitle "CBM 107 Extra"]
[Source "ChessBase"]
[SourceDate "2005.09.01"]
[SourceVersion "1"]
[SourceVersionDate "2005.09.01"]
[SourceQuality "1"]

1. d4 d6 2. Nf3 Nf6 3. Bg5 Nbd7 4. e3 g6 5. Be2 Bg7 6. 0-0 c6 7. c4 0-0 8. Nc3 h6 9. Bh4 Qc7 10. Rb1 e5 11. b4 g5 12. Bg3 Nh5 13. dxe5 dxe5 14. Nd2 Nxg3 15. hxg3 f5 16. c5 b6 17. cxb6 axb6 18. Qc2 Nf6 19. b5 c5 20. Bc4+ Kh8 21. Nd5 Nxd5 22. Bxd5 Ra7 23. Nc4 Qb8 24. a4 Rd8 25. Rfd1 Rad7 26. Bf7 Qc7 27. Bg6 f4 28. a5 fxe3 29. fxe3 bxa5 30. b6 Qb8 31. Rxd7 Bxd7 32. Nxa5 e4 33. Qxc5 Qxg3 34. Qe7 Qxe3+ 35. Kh1 Rc8 36. Qxd7 Rc1+ 37. Rxc1 Qxc1+ 38. Kh2 Qf4+ 39. Kg1 g4 40. Qe8+ Bf8 41. Nc4 g3 42. Qe5+ Qxe5 43. Nxe5 Bc5+ 44. Kf1 Bxb6 45. Bxe4 Bc7 46. Ng6+ Kg7 47. Ke2 Kf6 48. Kf3 Kg5 49. Nf8 Bb8 50. Nh7+ Kh5 51. Bf5 Bc7 52. Ke4 Bb8 53. Kd5 Ba7 54. Ke5 Bb8+ 55. Kf6 Ba7 56. Bh3 Bd4+ 57. Kf5 Bg7 58. Nf6+ Bxf6 59. Kxf6 Kh4 60. Kf5 h5 61. Ke4 Kg5 62. Kf3 Kh4 63. Bc8 Kg5 64. Kxg3 1-0

[Event "POR-chB"]
[Site "Vila Real"]
[Date "2005.08.05"]
[Round "3"]
[White "Carneiro, Carlos Alberto Carv"]
[Black "Castro, Henrique Manuel Fer"]
[Result "1-0"]
[WhiteElo "2234"]
[BlackElo "2105"]
[PlyCount "87"]
[EventDate "2005.08.03"]
[EventType "swiss"]
[EventRounds "9"]
[EventCountry "POR"]
[SourceTitle "CBM 107 Extra"]
[Source "ChessBase"]
[SourceDate "2005.09.01"]
[SourceVersion "1"]
[SourceVersionDate "2005.09.01"]
[SourceQuality "1"]

1. d4 d5 2. Nf3 e6 3. c4 Be7 4. Nc3 Nf6 5. Bf4 c6 6. e3 0-0 7. cxd5 exd5 8. Qc2 Nbd7 9. Bd3 Re8 10. 0-0 Nf8 11. Rab1 Ng6 12. Bg3 Nh5 13. b4 a6 14. a4 Nxg3 15. hxg3 Bd6 16. Rfc1 Bg4 17. Nh2 Qg5 18. Nxg4 Qxg4 19. Ne2 h5 20. Bf5 Qg5 21. Bxg6 fxg6 22. b5 axb5 23. axb5 h4 24. bxc6 hxg3 25. f4 Qe7 26. Rb3 g5 27. cxb7 Rab8 28. Qf5 gxf4 29. Nxf4 Bxf4 30. Qxf4 Rxb7 31. Rxb7 Qxb7 32. Qxg3 Qb3 33. Re1 Qd3 34. Qf3 Re4 35. Qf5 Qb3 36. Qg5 Kh7 37. Kf2 Kg8 38. Rh1 Qa2+ 39. Kf3 Qb3 40. Rc1 Re8 41. Rc7 Rf8+ 42. Kg3 Rf7 43. Qd8+ Rf8 44. Qe7 1-0

[Event "POR-chB"]
[Site "Vila Real"]
[Date "2005.08.04"]
[Round "2"]
[White "Castro, Henrique Manuel Fer"]
[Black "Castro, Francisco Manuel Fe"]
[Result "1-0"]
[WhiteElo "2105"]
[BlackElo "2052"]
[PlyCount "78"]
[EventDate "2005.08.03"]
[EventType "swiss"]
[EventRounds "9"]
[EventCountry "POR"]
[SourceTitle "CBM 107 Extra"]
[Source "ChessBase"]
[SourceDate "2005.09.01"]
[SourceVersion "1"]
[SourceVersionDate "2005.09.01"]
[SourceQuality "1"]

1. d4 Nf6 2. Bg5 g6 3. c4 Bg7 4. Nc3 h6 5. Bf4 d5 6. Nf3 Be6 7. Qb3 b6 8. Nb5 Na6 9. Qa4 c6 10. e3 Nh5 11. Be5 f6 12. Bg3 Nxg3 13. hxg3 Nb8 14. Nc3 dxc4 15. Qc2 f5 16. g4 Bf6 17. Nh4 b5 18. g3 Na6 19. a3 Qd6 20. gxf5 Bxf5 21. e4 g5 22. Qd2 Bg6 23. Rd1 0-0-0 24. Bg2 Kb7 25. Qe3 Kc7 26. e5 Qd7 27. d5 c5 28. Qf3 Kb6 29. d6 e6 30. Bh3 Qf7 31. Qe3 Bf5 32. Bxf5 exf5 33. e6 Qb7 34. Nd5+ Ka5 35. Qc3+ b4 36. axb4+ cxb4 37. Qxc4 Qb5 38. Ra1+ Qa4 39. Rxa4+ Kxa4 1-0

[Event "POR-chT2"]
[Site "Portugal"]
[Date "2005.03.26"]
[Round "?"]
[White "Guimaraes, Jorge"]
[Black "Castro, Henrique Manuel Fer"]
[Result "1/2-1/2"]
[WhiteElo "2288"]
[BlackElo "2100"]
[PlyCount "78"]
[EventDate "2005.01.??"]
[EventType "team"]
[EventRounds "7"]
[EventCountry "POR"]
[SourceTitle "EXT 2006"]
[Source "ChessBase"]
[SourceDate "2005.11.24"]
[SourceVersion "1"]
[SourceVersionDate "2005.11.24"]
[SourceQuality "1"]

1. d4 d5 2. Nf3 Nf6 3. c4 c6 4. e3 Bf5 5. Nc3 e6 6. Bd3 Bg6 7. 0-0 Nbd7 8. Qe2 Bb4 9. Bd2 Qc7 10. a3 Bd6 11. e4 dxe4 12. Nxe4 Nxe4 13. Bxe4 Nf6 14. Bd3 a5 15. Rfe1 0-0 16. Bg5 Rfe8 17. Qc2 Bxd3 18. Qxd3 h6 19. Bh4 g5 20. Bg3 Rad8 21. Qc3 b6 22. Be5 Nd7 23. Rad1 Bxe5 24. dxe5 Nc5 25. Rd6 Rxd6 26. exd6 Qxd6 27. Qf6 Qf8 28. Ne5 Qg7 29. Qxg7+ Kxg7 30. b4 axb4 31. axb4 Nb3 32. Nxc6 Rc8 33. b5 Ra8 34. h4 Ra4 35. hxg5 hxg5 36. Rb1 Nd2 37. c5 Nxb1 38. cxb6 Nd2 39. b7 g4 1/2-1/2

[Event "Guimaraes op"]
[Site "Guimaraes"]
[Date "2004.01.17"]
[Round "4.7"]
[White "Xavier, Fernando"]
[Black "Castro, Henrique Manuel Fer"]
[Result "1/2-1/2"]
[WhiteElo "1580"]
[BlackElo "2049"]
[PlyCount "33"]
[EventDate "2004.01.10"]
[EventType "swiss"]
[EventRounds "4"]
[EventCountry "POR"]
[SourceTitle "CBM 098 Extra"]
[Source "ChessBase"]
[SourceDate "2004.03.10"]
[SourceVersion "2"]
[SourceVersionDate "2004.03.10"]
[SourceQuality "1"]

1. Nf3 c5 2. d4 cxd4 3. Nxd4 Nc6 4. e4 e6 5. Be3 Nf6 6. Bd3 d5 7. Nd2 Bd6 8. 0-0 0-0 9. c3 Nxd4 10. cxd4 Nxe4 11. Nxe4 dxe4 12. Bxe4 Qh4 13. f4 Rd8 14. Rf3 Qf6 15. Qd3 g6 16. Rd1 Qg7 17. Qe2 1/2-1/2

[Event "POR-ch U16"]
[Site "Aveiro"]
[Date "2003.??.??"]
[Round "6"]
[White "Castro, Henrique Manuel Fer"]
[Black "Simoes, Joao1111"]
[Result "1/2-1/2"]
[WhiteElo "1770"]
[BlackElo "2040"]
[PlyCount "46"]
[EventDate "2003.??.??"]
[EventType "swiss"]
[EventRounds "7"]
[EventCountry "POR"]
[SourceTitle "EXT 2007"]
[Source "ChessBase"]
[SourceDate "2006.11.23"]
[SourceVersion "1"]
[SourceVersionDate "2006.11.23"]
[SourceQuality "1"]

1. d4 Nf6 2. c4 g6 3. Nc3 Bg7 4. e4 d6 5. f3 Nbd7 6. Be3 0-0 7. Qd2 e6 8. d5 Ne8 9. Bd3 a5 10. Nge2 Nc5 11. Bc2 f5 12. 0-0-0 b6 13. h4 f4 14. Bf2 h6 15. Nb5 Bd7 16. Kb1 Qf6 17. Nec3 Qf7 18. Na4 Nxa4 19. Bxa4 Bc8 20. Nc3 Bd7 21. Bxd7 Qxd7 22. Nb5 Rf7 23. b3 Bf8 1/2-1/2

[Event "POR-ch Aberto"]
[Site "Portugal"]
[Date "2003.??.??"]
[Round "3"]
[White "Castro, Henrique Manuel Fer"]
[Black "Tarira, Walter Antonio"]
[Result "1-0"]
[WhiteElo "1770"]
[BlackElo "1655"]
[PlyCount "61"]
[EventDate "2003.??.??"]
[EventType "swiss"]
[EventRounds "9"]
[EventCountry "POR"]
[SourceTitle "EXT 2007"]
[Source "ChessBase"]
[SourceDate "2006.11.23"]
[SourceVersion "1"]
[SourceVersionDate "2006.11.23"]
[SourceQuality "1"]

1. d4 Nf6 2. c4 e5 3. dxe5 Ng4 4. Nf3 Nc6 5. Bf4 Bb4+ 6. Nbd2 Qe7 7. a3 Ngxe5 8. Nxe5 Nxe5 9. e3 Bxd2+ 10. Qxd2 d6 11. Be2 Bf5 12. 0-0 Qe6 13. Rac1 0-0 14. f3 Qg6 15. e4 Bh3 16. Bg3 Be6 17. f4 Qh6 18. Qc3 Bg4 19. fxe5 Bxe2 20. Rf2 Bg4 21. exd6 cxd6 22. Rcf1 Rac8 23. Qd4 a6 24. Bxd6 Rfd8 25. e5 Be6 26. c5 Bb3 27. Qe4 Rc6 28. Rf4 Qe6 29. Rxf7 Qxf7 30. Rxf7 Kxf7 31. Qf3+ 1-0

[Event "POR-ch Aberto"]
[Site "Portugal"]
[Date "2003.??.??"]
[Round "6"]
[White "Sukhov, Andrey"]
[Black "Castro, Henrique Manuel Fer"]
[Result "1-0"]
[WhiteElo "1990"]
[BlackElo "1770"]
[PlyCount "47"]
[EventDate "2003.??.??"]
[EventType "swiss"]
[EventRounds "9"]
[EventCountry "POR"]
[SourceTitle "EXT 2007"]
[Source "ChessBase"]
[SourceDate "2006.11.23"]
[SourceVersion "1"]
[SourceVersionDate "2006.11.23"]
[SourceQuality "1"]

1. e4 c5 2. Nf3 e6 3. d4 cxd4 4. Nxd4 Nf6 5. Bd3 Nc6 6. Be3 d5 7. exd5 Nxd5 8. Nxc6 bxc6 9. 0-0 Bd6 10. Qh5 Qc7 11. Nc3 Nf4 12. Bxf4 Bxf4 13. g3 Be5 14. Rfe1 Bxc3 15. bxc3 g6 16. Qc5 Qb6 17. Qd6 c5 18. Qe5 0-0 19. Rab1 Qd8 20. Be4 Bd7 21. Red1 f6 22. Qd6 Rf7 23. Bxa8 Qxa8 24. Rb8+ 1-0

[Event "Aberto de Verao op"]
[Site "Guimaraes"]
[Date "2002.07.26"]
[Round "5.1"]
[White "Vasconcelos, Luis Miguel Amaral"]
[Black "Castro, Henrique Manuel Fer"]
[Result "1-0"]
[WhiteElo "1885"]
[BlackElo "1758"]
[PlyCount "81"]
[EventDate "2002.07.22"]
[EventType "swiss"]
[EventRounds "5"]
[EventCountry "POR"]
[SourceTitle "EXT 2003"]
[Source "ChessBase"]
[SourceDate "2002.11.25"]
[SourceVersion "1"]
[SourceVersionDate "2002.11.25"]
[SourceQuality "1"]

1. d4 Nf6 2. c4 g6 3. Nc3 Bg7 4. e4 d6 5. Nf3 0-0 6. Bg5 h6 7. Bxf6 Bxf6 8. Qc2 Kh7 9. Rd1 Nc6 10. h3 e5 11. dxe5 Nxe5 12. Be2 Be6 13. Nxe5 Bxe5 14. 0-0 Qe7 15. f4 Bxc3 16. Qxc3 f5 17. e5 Rad8 18. Bf3 b6 19. b3 Qg7 20. Qe3 dxe5 21. Qxe5 Qxe5 22. fxe5 g5 23. Bd5 Bc8 24. e6 c6 25. e7 cxd5 26. cxd5 Kg7 27. Rc1 Ba6 28. Rfd1 Kf6 29. d6 Ke6 30. Rc7 Rg8 31. exd8Q Rxd8 32. Re7+ Kf6 33. Rxa7 Bb5 34. a4 Bd7 35. Rb7 b5 36. a5 f4 37. a6 Bc6 38. Rb6 Be4 39. a7 Ra8 40. d7+ Ke7 41. Rb8 1-0